000 00299nam a22001337a 4500
008 170914b xxu||||| |||| 00| 0 eng d
020 _a9781401837402
041 _aeng
080 _a7
100 _a44
101 _aART
245 _aCONTEMPORARY COLOR THEORY & USE
_cBLEICHER,S
942 _2udc
_cBK
999 _c27664
_d27664